| 000 | 01922cam a22002055a 4500 | ||
|---|---|---|---|
| 001 | L137733 | ||
| 008 | 070425s2005 xxk f 000 0 eng d | ||
| 035 | _a(Sirsi) u137733 | ||
| 041 | 0 | _aeng | |
| 110 | 2 |
_aRICS Education and Training Department _95613 |
|
| 245 | 0 | 0 | _aPolicy and guidance on university partnerships |
| 260 |
_aRICS _c2005 |
||
| 300 |
_a45 p. _c30cm. |
||
| 505 | 2 | _aIntroduction -- The policy framework -- Partnership development -- Course design -- External quality assurance -- Courses offered in more than one centre; franchised courses; distance learning -- Parnership and accreditation boards -- Partnership selection process -- Appeals -- Appendix A: Threshold reporting: General -- Appendix B: Threshold reporting: Australia -- Appendix C: Threshold reporting: Canada -- Appendix D: Threshold reporting: Hong Kong -- Appendix E: Threshold reporting: UK -- Appendix F: Threshold reporting: USA -- TechRICS requirements, bridge to MRICS -- Glossary | |
| 520 | _aAims to present the policy and guidance on the implementation of the partnership between RICS and worldwide universities. Details the policy framework and its history, and the policy and guidance on partnership development and the operation of partnerships. Presents the course design and the policy and guidance of RICS on external quality assurance. Provides direction for courses developed in more than one country. Explains the role of the Partnership and Accreditation Boards. Sums up the process used to select partner universities and the appeal procedure. The appendices by geographical area present the minimum standards for students and university, the student selection threshold, the assessment of the teaching environment, the research threshold, and the employability criteria. | ||
| 590 | _aKA | ||
| 651 | 4 |
_aEngland and Wales _y1543- |
|
| 690 | _aCAREERS, EDUCATION AND TRAINING-QUALIFICATION ROUTES | ||
| 942 | _n0 | ||
| 999 |
_c106887 _d106887 |
||